A history of the United States to 1876
Wedi'i Gadw mewn:
| Prif Awduron: | , , |
|---|---|
| Fformat: | Llyfr |
| Iaith: | Saesneg |
| Cyhoeddwyd: |
Nueva York
Alfred A. Knopf
1963
|
| Pynciau: | |
| Tagiau: |
Ychwanegu Tag
Dim Tagiau, Byddwch y cyntaf i dagio'r cofnod hwn!
|
MARC
| LEADER | 00000cam a2200000 a 4500 | ||
|---|---|---|---|
| 001 | UCF8671 | ||
| 003 | CL-VaPUC | ||
| 008 | 130930e19630000us |||||||||||||||||eng|d | ||
| 082 | 0 | 4 | |a 973.82 |b WIL |2 21 |
| 100 | 0 | |a Williams, T. Harry |e author |9 570812 | |
| 700 | 0 | |a Current, Richard N |e author |9 570813 | |
| 700 | 0 | |a Freidel, Frank |e author |9 570814 | |
| 245 | 1 | 2 | |a A history of the United States to 1876 |
| 300 | |a 707 p | ||
| 942 | |c BK | ||
| 945 | |d 20130930 13:19:00 |a dcastane | ||
| 260 | |a Nueva York |b Alfred A. Knopf |c 1963 | ||
| 650 | 7 | |a HISTORIA DE LOS ESTADOS UNIDOS |2 CL-VaPUC |9 526943 | |
| 583 | |a last modification |c 20130930 13:19:00 |k Rodrigo Vera | ||
| 999 | |c 353238 |d 353236 | ||
| 952 | |0 0 |1 0 |3 erd |4 0 |6 973_820000000000000_WIL_1963 |7 0 |8 A |9 458324 |a BIBHIS |b BIBHIS |d 2019-11-23 |i 5002303 |o 973.82 WIL 1963 |p 5002303 |r 2025-01-20 |w 2019-11-23 |y BK |z Catalogado en:20130930 |k HIS | ||